00270nam a2200109Ia 4500008004100000041000800041100001900049245002000068260003500088300000800123700002900131250110s9999 xx 000 0 und d aeng aSarda Kshitija aAhmednagar Club bFinal Year B. Arch, BNCAc2014 a84p aGuide Name:Chutake Rahul